MARC

LEADER 00000nam a2200000Ia 4500
001 10946
008 160829s1995 xx 000 0 cat d
080 |a FU-12-41 
100 |a Lancaster, F. Wilfrid (Frederick Wilfrid)  |9 32218 
245 |a La Publicació electrònica en xarxa dels resultats de la recerca acadèmica / F.W. Lancaster 
260 |a Barcelona :  |b E.U. J. Rubió i Balaguer. Diputació de Barcelona,  |c 1995 
300 |a 34 p. ;  |c 21 cm 
590 |a Text de la conferència pronunciada a l'Escola el 18 de maig de 1994 
650 |a Edició electrònica   |9 32219 
650 |a Biblioteques i edició electrònica   |9 32220 
650 |a Revistes electròniques  |9 32221 
710 2 |a Escola Universitària Jordi Rubió i Balaguer de Biblioteconomia i Documentació  |9 54300 
901 |a Arxiu 
942 |n 1 
952 |0 0  |1 0  |4 0  |6 FU1241  |7 1  |9 45909  |a Arxiu  |b Arxiu  |d 2016-12-01  |l 0  |o FU-12-41  |p 10946  |r 2016-12-01 00:00:00  |w 2016-12-01  |y ARXIU 
999 |c 49410  |d 49410